Bulgaria Growth of Industrial Output 1939 and 1948-1965

Gespeichert in:
Bibliographische Detailangaben
1. Verfasser: Lazarcik, Gregor
Weitere Verfasser: Wynnyczuk, Alexej
Format: Buch
Sprache:Englisch
Veröffentlicht: New York Columbia University 1968
Ausgabe:1. ed.
Schriftenreihe:Occasional Papers of the Research Project on National Income in East Central Europe 27
Schlagworte:
Tags: Tag hinzufügen
Keine Tags, Fügen Sie das erste Tag hinzu!

MARC

LEADER 00000nam a2200000 4500
001 c013364
005 20230227131241.0
041 0 |a eng 
044 |a US 
245 1 0 |a Bulgaria  |b Growth of Industrial Output 1939 and 1948-1965  |c Gregor Lazarcik, Alexej Wynnyczuk 
250 |a 1. ed. 
264 1 |a New York  |b Columbia University  |c 1968 
300 |a 40 s. 
490 1 |a Occasional Papers of the Research Project on National Income in East Central Europe  |v 27 
830 0 |a Occasional Papers of the Research Project on National Income in East Central Europe  |v 27 
610 2 0 |a výroba priemyselná 
610 2 0 |a rast hospodársky 
610 2 0 |a Bulharsko 
610 2 0 |a 1939 
610 2 0 |a 1948-1965 
100 1 |a Lazarcik, Gregor 
700 1 |a Wynnyczuk, Alexej